000 00269nam a22001097a 4500
082 _a928.95491 MEM'R
100 _aRAZI, WASTI SYED
_979747
245 _aMEMORIES AND OTHER WRITINGS OF SYED AMEER ALI
260 _aLAHORE
_bPEOPLES
_c1968
300 _a364P
942 _cBK
999 _c584750
_d584750